[Event "Titled Tue 27th May Late"]
[Site "chess.com INT"]
[Date "2025.05.27"]
[Round "7"]
[White "Bogaudinov, Rushan"]
[Black "Avila Bautista, Roberto Al"]
[Result "0-1"]
[WhiteTitle "FM"]
[BlackTitle "FM"]
[WhiteElo "1912"]
[BlackElo "2306"]
[WhiteFideId "4129288"]
[BlackFideId "5119987"]
[EventDate "2025.05.27"]

1. d4 Nf6 2. g3 g6 3. Bg2 c5 4. dxc5 Qa5+ 5. c3 Qxc5 6. Nf3 Bg7 7. Nbd2 d6 8.
Nb3 Qh5 9. h4 O-O 10. Bg5 h6 11. Bxf6 Bxf6 12. Qd2 Nc6 13. Nbd4 Bg4 14. Nxc6
bxc6 15. Nh2 Bd7 16. Bf3 Qb5 17. Ng4 Bxg4 18. Bxg4 h5 19. Bf3 Rab8 20. b3 Qa5
21. Rc1 d5 22. g4 hxg4 23. Bxg4 Kg7 24. h5 Rh8 25. Bf3 e5 26. Rg1 e4 27. Bg4 Rh6
28. c4 Qd8 29. cxd5 cxd5 30. hxg6 Rxg6 31. Kf1 d4 32. Qc2 d3 33. exd3 exd3 34.
Qd2 Qd4 35. Rc4 Qa1+ 36. Bd1 Rxg1+ 37. Kxg1 Qe5 38. Qxd3 Rd8 39. Qe2 Qa1 40.
Rg4+ Kf8 41. Kg2 Qxd1 42. Qxd1 Rxd1 43. Ra4 Rd7 44. Ra6 Bd4 45. Kf3 Bb6 46. Ra4
Rd2 47. Ke4 Rxf2 48. Kd5 Rf5+ 49. Kc6 Re5 50. Rh4 f5 51. b4 Re4 52. Rh5 Rxb4 53.
Rxf5+ Ke7 54. a3 Ra4 0-1

[Event "Titled Tue 27th May Late"]
[Site "chess.com INT"]
[Date "2025.05.27"]
[Round "7"]
[White "Bortnyk, Olexandr"]
[Black "Plat, Vojtech"]
[Result "1/2-1/2"]
[WhiteTitle "GM"]
[BlackTitle "GM"]
[WhiteElo "2601"]
[BlackElo "2482"]
[WhiteFideId "14120828"]
[BlackFideId "325740"]
[EventDate "2025.05.27"]

1. d4 d6 2. Nc3 Nf6 3. e4 e5 4. Nf3 exd4 5. Nxd4 Be7 6. g3 d5 7. e5 Ng4 8. e6
Nf6 9. exf7+ Kxf7 10. Bg2 Re8 11. O-O c6 12. Re1 Na6 13. Bf4 Nc5 14. Qd2 Ne6 15.
Be5 Nxd4 16. Bxd4 Bf5 17. Re2 Qd7 18. Rae1 Bg6 19. h4 Kg8 20. a3 Bh5 21. Re3 Bd6
22. Bxf6 gxf6 23. Bxd5+ cxd5 24. Qxd5+ Bf7 25. Rxe8+ Rxe8 26. Rxe8+ Kg7 27. Qd4
Bxe8 28. Qxa7 Be5 29. Qe3 Bg6 30. Qe2 Qc6 31. h5 Bf5 32. Qe3 Qd7 33. Kh2 Qd4 34.
Qf3 Qd7 35. Nd5 Bg4 36. h6+ Kxh6 37. Nxf6 Bxf3 38. Nxd7 Bxb2 39. c4 Bxa3 40. Ne5
Bc6 41. f4 Bd6 42. Nf7+ Kg6 43. Nxd6 Kf6 44. c5 Ke6 45. f5+ Ke5 46. g4 Bd5 47.
Ne8 Bc6 48. Nc7 Kf4 49. Kh3 h5 50. gxh5 Kxf5 51. Kh4 Bf3 52. Ne8 Ke5 53. Nd6 Kd4
54. Nxb7 Bxh5 55. Kxh5 Kd5 56. Kg6 Kc6 57. Kf6 Kxb7 58. Ke5 Kc6 59. Kd4 Kc7 60.
Kd5 Kd7 61. c6+ Kc7 62. Kc5 Kc8 63. Kd6 Kd8 64. Ke6 Kc7 65. Kd5 Kc8 66. Kc5 Kc7
67. Kb5 Kc8 68. Kb6 Kb8 69. c7+ Kc8 70. Ka7 Kxc7 1/2-1/2

[Event "Titled Tue 27th May Late"]
[Site "chess.com INT"]
[Date "2025.05.27"]
[Round "7"]
[White "Rustemov, Alexander"]
[Black "Noroozi, Omid"]
[Result "1-0"]
[WhiteTitle "GM"]
[BlackTitle "IM"]
[WhiteElo "2525"]
[BlackElo "2266"]
[WhiteFideId "4119002"]
[BlackFideId "12501190"]
[EventDate "2025.05.27"]

1. d4 Nf6 2. c4 e6 3. Nf3 d5 4. cxd5 exd5 5. Nc3 Be7 6. Bf4 O-O 7. e3 Bf5 8. Nh4
Be6 9. Bd3 c5 10. Nf3 a6 11. h3 Nc6 12. O-O cxd4 13. exd4 h6 14. Rc1 Bd6 15. Qd2
Rc8 16. Rfe1 Re8 17. Bxd6 Qxd6 18. Re2 Bd7 19. Rce1 Rxe2 20. Rxe2 Re8 21. Rxe8+
Bxe8 22. a3 Ne7 23. Qe3 Bd7 24. Qe5 Nc8 25. Qxd6 Nxd6 26. Ne5 Be6 27. f3 Kf8 28.
Kf2 Ke7 29. h4 Nd7 30. g4 b5 31. Nc6+ Ke8 32. Nb4 Nb8 33. Nbxd5 Nc6 34. Ke3 Kd7
35. Nf4 Bc4 36. Bc2 Ne7 37. b3 Bf1 38. Kf2 g5 39. hxg5 hxg5 40. Nfd5 b4 41. Nxb4
Bb5 42. a4 a5 43. Nbd5 Nxd5 44. Nxd5 Bc6 45. Nc3 Nc8 46. Bf5+ Kc7 47. Bxc8 Kxc8
48. d5 Bd7 49. Ke3 Kc7 50. Kd4 Kd6 51. Ne4+ Ke7 52. Nxg5 Kf6 53. Ne4+ Ke7 54.
Ke5 Be8 55. g5 Bd7 56. f4 Bg4 57. f5 Bd1 58. Nc5 Bc2 59. d6+ Kd8 60. Kf6 Bb1 61.
g6 fxg6 62. fxg6 1-0

[Event "Titled Tue 27th May Late"]
[Site "chess.com INT"]
[Date "2025.05.27"]
[Round "7"]
[White "Gharibyan, Mamikon"]
[Black "Tologon tegin, Semetei"]
[Result "0-1"]
[WhiteTitle "GM"]
[BlackTitle "IM"]
[WhiteElo "2472"]
[BlackElo "2313"]
[WhiteFideId "13308300"]
[BlackFideId "13800574"]
[EventDate "2025.05.27"]

1. d4 f5 2. Nc3 Nf6 3. Bg5 e6 4. e4 fxe4 5. Nxe4 Be7 6. Bxf6 Bxf6 7. Nf3 O-O 8.
Bd3 Nc6 9. c3 d6 10. Qc2 h6 11. O-O-O e5 12. d5 Ne7 13. h3 Nf5 14. g3 Be7 15.
Qe2 c6 16. Bc4 Kh8 17. Rhe1 b5 18. Bb3 c5 19. Qxb5 a5 20. Ba4 Ra7 21. h4 Qc7 22.
Qb3 Ba6 23. Qc2 Rb7 24. b3 c4 25. Nfd2 cxb3 26. axb3 Bd8 27. Kb2 Ne7 28. Nb1 Nc8
29. Bc6 Rb8 30. Na3 Na7 31. Ba4 Be7 32. Ka2 Rfc8 33. c4 Rb4 34. c5 Qb8 35. Rc1
dxc5 36. Nd2 c4 37. Ndxc4 Bxc4 38. Nxc4 Nb5 39. Nxe5 Rxc2+ 40. Rxc2 Rxa4+ 41.
bxa4 Nd4 42. Rb2 Qg8 43. Ka1 Qxd5 44. Ng6+ Kh7 45. Nxe7 Qc4 46. Reb1 Qxa4+ 47.
Ra2 Nc2+ 48. Kb2 Qc4 0-1

[Event "Titled Tue 27th May Late"]
[Site "chess.com INT"]
[Date "2025.05.27"]
[Round "7"]
[White "Martin Fuentes, Alberto"]
[Black "Idani, Pouya"]
[Result "1-0"]
[WhiteTitle "FM"]
[BlackTitle "GM"]
[WhiteElo "2376"]
[BlackElo "2630"]
[WhiteFideId "2292289"]
[BlackFideId "12510130"]
[EventDate "2025.05.27"]

1. e4 c5 2. Nc3 g6 3. g3 Bg7 4. Bg2 Nc6 5. d3 d5 6. Nxd5 e6 7. Nc3 Nge7 8. Be3
Nd4 9. Qd2 Nec6 10. Nd1 Nb4 11. Bxd4 Qxd4 12. c3 Qxd3 13. cxb4 Qxd2+ 14. Kxd2
cxb4 15. f4 e5 16. Nf3 exf4 17. gxf4 Bg4 18. e5 O-O-O+ 19. Ke2 f6 20. Ne3 Bxf3+
21. Bxf3 fxe5 22. f5 e4 23. Bxe4 Rhe8 24. Kf3 Rd4 25. Rac1+ Kb8 26. Bb1 Bh6 27.
Rce1 Rf4+ 28. Kg2 Rd4 29. fxg6 hxg6 30. Nd1 Rd2+ 31. Kg3 Red8 32. Rhf1 Bf8 33.
Rf2 R2d4 34. Ne3 Bd6+ 35. Kg2 Rh4 36. h3 Rdh8 37. Rh1 Bc5 38. Rf3 Rd4 39. Rd1
Rdh4 40. Rd2 a6 41. Ng4 R4h5 42. Bxg6 Rg5 43. Bf5 Rf8 44. Be4 Rh8 45. Rd7 b5 46.
Rb7+ Kc8 47. Rff7 Bd6 48. Ra7 Rc5 49. Rxa6 Be5 50. Ra8+ Bb8 51. Rb7 1-0

[Event "Titled Tue 27th May Late"]
[Site "chess.com INT"]
[Date "2025.05.27"]
[Round "7"]
[White "Lavorgna, Giovanni"]
[Black "Rose, Felix"]
[Result "0-1"]
[WhiteTitle "CM"]
[BlackTitle "CM"]
[WhiteElo "1902"]
[BlackElo "2093"]
[WhiteFideId "11800100"]
[BlackFideId "5105722"]
[EventDate "2025.05.27"]

1. d4 d5 2. Nf3 Nf6 3. c4 e6 4. g3 dxc4 5. Bg2 a6 6. O-O Nc6 7. Nc3 Rb8 8. e4
Be7 9. Bf4 O-O 10. g4 Nxg4 11. Qe2 b5 12. d5 exd5 13. Nxd5 Bd6 14. e5 Re8 15.
Rad1 Bf5 16. Ne3 Bd3 17. Rxd3 cxd3 18. Qxd3 Ncxe5 19. Nxe5 Nxe5 20. Qf5 g6 21.
Qh3 Qd7 22. Qh6 Ng4 23. Nxg4 Qxg4 24. Bg5 Bf8 25. Qh4 Qxh4 26. Bxh4 Be7 27. Bg3
Bd6 28. Bc6 Re2 29. Bxd6 cxd6 30. Rd1 Rd8 31. Bb7 Rxb2 32. Bxa6 Rxa2 33. Bxb5 d5
34. Bd3 Ra3 35. Kg2 d4 36. Kf3 Kg7 37. Ke4 Ra7 38. f3 Re7+ 39. Kf4 Re3 40. Kg3
h6 41. h3 Rd5 42. Be4 Rd6 43. Bd3 Re5 44. Kf2 Ra5 45. Kg3 Ra2 46. Kg4 h5+ 47.
Kg3 Ra3 48. Kg2 Kf6 49. Kg3 g5 50. Be4 h4+ 51. Kg4 d3 52. Rd2 Ke5 53. Kxg5 Kd4
54. Kf4 Kc3 55. Rd1 d2 56. Kg4 Kb2 57. Kxh4 Ra1 58. Rxa1 Kxa1 59. Bc2 Kb2 0-1

[Event "Titled Tue 27th May Late"]
[Site "chess.com INT"]
[Date "2025.05.27"]
[Round "7"]
[White "Perez Rojas, Jorge"]
[Black "Piddubna, Bozhena"]
[Result "1-0"]
[WhiteTitle "FM"]
[BlackTitle "WFM"]
[WhiteElo "2100"]
[BlackElo "2174"]
[WhiteFideId "3452093"]
[BlackFideId "34109293"]
[EventDate "2025.05.27"]

1. e4 e5 2. Nc3 Nf6 3. Bc4 c6 4. d4 Bb4 5. dxe5 Nxe4 6. Qf3 d5 7. exd6 Nxd6 8.
Bb3 O-O 9. Ne2 Nd7 10. Bf4 Nb5 11. O-O Nc5 12. Nxb5 cxb5 13. Rad1 Qf6 14. Nd4
Nxb3 15. axb3 Bd7 16. Qg3 Bc5 17. Nf3 Bc6 18. Ne5 a5 19. c3 Rfe8 20. Rfe1 Re6
21. Bg5 Qf5 22. Nxc6 bxc6 23. Rxe6 Qxe6 24. Qd3 h6 25. Bf4 Qxb3 26. Rd2 Re8 27.
h3 Qe6 28. Bg3 b4 29. cxb4 Bxb4 30. Rc2 c5 31. Qb5 Rd8 32. Kh2 Qe4 33. Re2 Qf5
34. Qc4 Kh7 35. Re7 Rd7 36. Re5 Qg6 37. Re4 Rd2 38. Rg4 Qf6 39. Rf4 Qe6 40. Qc1
Re2 41. Qb1+ Kg8 42. Rf3 Re1 43. Qd3 Qe4 44. Qd8+ Qe8 45. Qd5 a4 46. Qb7 Re7 47.
Qa6 Qd7 48. Rd3 Qb7 49. Rd8+ Kh7 50. Qd3+ g6 51. Qc4 Qe4 52. Qb5 Qe5 53. Bxe5
Rxe5 54. Qxa4 Rf5 55. Qe8 g5 56. Qg8# 1-0

[Event "Titled Tue 27th May Late"]
[Site "chess.com INT"]
[Date "2025.05.27"]
[Round "7"]
[White "Mei, Austin"]
[Black "Sieciechowicz, Marcin"]
[Result "0-1"]
[WhiteTitle "FM"]
[BlackTitle "IM"]
[WhiteElo "2280"]
[BlackElo "2410"]
[WhiteFideId "30948479"]
[BlackFideId "1130170"]
[EventDate "2025.05.27"]

1. e4 e6 2. d4 d5 3. e5 c5 4. c3 Nc6 5. Nf3 Qb6 6. Bd3 cxd4 7. O-O Bd7 8. Re1
Rc8 9. Nbd2 Qc7 10. Nb3 dxc3 11. bxc3 Nge7 12. h4 Na5 13. Be3 a6 14. Nc5 Nf5 15.
Nxd7 Nxe3 16. Nf6+ gxf6 17. Rxe3 f5 18. Ng5 Be7 19. Nxf7 Kxf7 20. Qh5+ Kf8 21.
Bxf5 exf5 22. e6 Bf6 23. e7+ Bxe7 24. Qxf5+ Ke8 25. Rxe7+ Kxe7 26. Re1+ Kd6 27.
Qf6+ Kc5 28. Qd4+ Kc6 29. Re6+ Qd6 30. Qa4+ b5 31. Rxd6+ Kxd6 32. Qxa5 Rc6 33.
Qb4+ Ke6 34. Qg4+ Kd6 35. Qf4+ Kd7 36. Qf7+ Kc8 37. Qg7 Rd8 38. Qxh7 Rxc3 39. h5
d4 40. h6 d3 41. Qf5+ Kb8 42. Qe5+ Rc7 43. h7 d2 44. h8=Q d1=Q+ 45. Kh2 Rxh8+
46. Qxh8+ Rc8 47. Qe5+ Kb7 48. Qe4+ Rc6 49. Qe7+ Kb6 50. Qe3+ Ka5 51. Qa3+ Qa4
52. Qe3 Qh4+ 53. Kg1 Qc4 54. Kh2 Qc5 55. Qe1+ b4 56. g3 Rh6+ 57. Kg1 Qc6 58.
Qe5+ Ka4 59. Kf1 Rh1+ 60. Ke2 Qc2+ 61. Ke3 Re1+ 62. Kf4 Rxe5 63. Kxe5 Qxf2 0-1

[Event "Titled Tue 27th May Late"]
[Site "chess.com INT"]
[Date "2025.05.27"]
[Round "7"]
[White "Rustamov, Rustam"]
[Black "Naroditsky, Daniel"]
[Result "0-1"]
[WhiteTitle "FM"]
[BlackTitle "GM"]
[WhiteElo "2323"]
[BlackElo "2619"]
[WhiteFideId "13440110"]
[BlackFideId "2026961"]
[EventDate "2025.05.27"]

1. e4 c5 2. Nf3 g6 3. d4 cxd4 4. Nxd4 Bg7 5. c4 Nc6 6. Be3 Qb6 7. Nb5 Qa5+ 8.
N1c3 Nf6 9. f3 a6 10. Nd4 d6 11. Qd2 Nxd4 12. Bxd4 Be6 13. Be2 O-O 14. Rd1 Rfc8
15. b3 b5 16. Bxf6 Bxf6 17. Nd5 Qxd2+ 18. Kxd2 bxc4 19. Bxc4 Bxd5 20. exd5 Rc5
21. Rhe1 a5 22. a4 Rb8 23. Kd3 Rb4 24. Rb1 Rcxc4 25. bxc4 Rxa4 26. Rb3 Ra2 27.
Re2 Ra1 28. f4 a4 29. Rb8+ Kg7 30. Ra8 Ra3+ 31. Kd2 h5 32. g3 h4 33. gxh4 Bxh4
34. Re3 Ra2+ 35. Kd1 Bf6 36. Rh3 Bd4 37. Rg3 Kf6 38. h3 Bc5 39. Rf3 Kf5 40. Kc1
a3 41. Kb1 Rb2+ 42. Kc1 Re2 43. Kd1 Rg2 44. Rfxa3 Bxa3 45. Rxa3 Rf2 46. Re3 Kf6
47. Re4 Rf3 48. h4 Rh3 49. Ke2 Rxh4 50. Kf3 Rh3+ 51. Kg2 Rc3 52. Kf2 Kf5 53.
Rxe7 f6 54. Re6 Rxc4 55. Rxd6 Rxf4+ 56. Kg3 Rd4 57. Rd8 Rd3+ 58. Kf2 Ke5 59. Rg8
g5 60. Re8+ Kxd5 61. Ke2 Rd4 62. Ke3 Rf4 63. Re7 Rf5 64. Ra7 Ke6 65. Rb7 Ra5 66.
Rg7 Kf5 67. Kf3 Ra3+ 68. Kf2 Kf4 69. Rb7 Ra2+ 70. Kf1 f5 71. Rb4+ Kg3 72. Rb3+
Kg4 73. Kg1 f4 74. Rb1 f3 75. Kh1 Kh3 76. Rg1 Rh2# 0-1

[Event "Titled Tue 27th May Late"]
[Site "chess.com INT"]
[Date "2025.05.27"]
[Round "7"]
[White "Ahmad, Khagan"]
[Black "Sjugirov, Sanan"]
[Result "0-1"]
[WhiteTitle "IM"]
[BlackTitle "GM"]
[WhiteElo "2405"]
[BlackElo "2638"]
[WhiteFideId "13431552"]
[BlackFideId "4189302"]
[EventDate "2025.05.27"]

1. d4 Nf6 2. c4 e6 3. Nf3 d5 4. Nc3 c6 5. Bg5 Nbd7 6. e3 h6 7. Bh4 Be7 8. Qc2
O-O 9. cxd5 exd5 10. Bd3 Re8 11. O-O Ne4 12. Bxe4 Bxh4 13. Bh7+ Kf8 14. Bd3 Be7
15. Rab1 a5 16. a3 Bd6 17. b4 axb4 18. axb4 Nf6 19. b5 Bg4 20. bxc6 bxc6 21. Nd2
Qa5 22. Nb3 Qc7 23. h3 Be6 24. Bf5 Bxf5 25. Qxf5 Reb8 26. Qc2 Rb4 27. Nd2 Qa5
28. Rxb4 Bxb4 29. Rc1 Bxc3 30. Qxc3 Qxc3 31. Rxc3 Ra1+ 32. Kh2 Ra2 33. Rd3 Ke7
34. f3 Nd7 35. Nb3 f5 36. Rc3 Kd6 37. Nc1 Ra4 38. Nd3 g5 39. g4 Rc4 40. Rxc4
dxc4 41. Ne1 fxg4 42. hxg4 c5 43. dxc5+ Kxc5 44. Nc2 c3 45. Kg3 Kc4 46. Kf2 Kd3
47. Nb4+ Kd2 48. f4 Nf6 49. Kf3 Nd5 50. Na2 c2 51. f5 Nc3 52. Nxc3 c1=Q 53. Ne4+
Kd3 54. Nf2+ Kc4 55. Ne4 Qf1+ 56. Nf2 Kd5 57. Kg3 Ke5 58. Kf3 Kf6 59. Kg3 Qg1+
60. Kf3 Kf7 61. Ne4 Qh1+ 0-1

[Event "Titled Tue 27th May Late"]
[Site "chess.com INT"]
[Date "2025.05.27"]
[Round "7"]
[White "Le, Tuan Minh"]
[Black "Donchenko, Alexander"]
[Result "1-0"]
[WhiteTitle "GM"]
[BlackTitle "GM"]
[WhiteElo "2598"]
[BlackElo "2615"]
[WhiteFideId "12401153"]
[BlackFideId "24603295"]
[EventDate "2025.05.27"]

1. d4 Nf6 2. Nf3 d5 3. Bf4 e6 4. e3 Bd6 5. Nbd2 O-O 6. c3 b6 7. Bd3 Bb7 8. O-O
Qe7 9. a4 a5 10. Bg5 h6 11. Bh4 Qd8 12. Ne5 Be7 13. Bxf6 Bxf6 14. f4 c5 15. Rf3
Nd7 16. Rg3 Bh4 17. Nxd7 Qxd7 18. Rh3 Bd8 19. Qh5 f5 20. g4 Qf7 21. gxf5 exf5
22. Qe2 cxd4 23. cxd4 Bc7 24. Kh1 Rfe8 25. Qf2 Ba6 26. Bc2 Rac8 27. Rg1 Bxf4 28.
Qxf4 Rxc2 29. Qxh6 Kf8 30. Qd6+ Kg8 31. Nf3 Bd3 32. Ng5 Be4+ 33. Nxe4 fxe4 34.
Qh6 Kf8 35. Qh8+ Ke7 36. Qxg7 Qxg7 37. Rxg7+ Kd6 38. Rh6+ Re6 39. Rxe6+ Kxe6 40.
Rg6+ Kf5 41. Rxb6 Kg4 42. Rf6 Rxb2 43. Rf4+ Kh3 44. Kg1 Re2 45. Rf5 Rxe3 46.
Rxd5 Rd3 47. Kf2 Rf3+ 48. Ke2 Rd3 49. Rxa5 Rxd4 50. Ke3 Rb4 51. Rh5+ Kg4 52. Ra5
Kh3 53. Ra8 Kxh2 54. a5 Kg2 55. a6 Kf1 56. a7 Ke1 57. Rh8 Rb3+ 58. Kxe4 Ra3 59.
a8=Q Rxa8 60. Rxa8 1-0

[Event "Titled Tue 27th May Late"]
[Site "chess.com INT"]
[Date "2025.05.27"]
[Round "7"]
[White "Gasparyan, Erik R."]
[Black "Kislinsky, Alexey"]
[Result "0-1"]
[WhiteTitle "IM"]
[BlackTitle "GM"]
[WhiteElo "2372"]
[BlackElo "2350"]
[WhiteFideId "13315730"]
[BlackFideId "14108801"]
[EventDate "2025.05.27"]

1. Nf3 d5 2. b3 Nf6 3. Bb2 e6 4. e3 Be7 5. Be2 O-O 6. O-O b6 7. d4 Bb7 8. Nbd2
Nbd7 9. Rc1 c5 10. c4 Rc8 11. Qc2 cxd4 12. Bxd4 dxc4 13. bxc4 Nc5 14. Rfd1 Qc7
15. Be5 Bd6 16. Bxf6 gxf6 17. g3 f5 18. Nd4 a6 19. Rb1 Ba8 20. Qb2 Rb8 21. Bf3
Bxf3 22. N2xf3 Rfd8 23. Nh4 Be5 24. Qc2 Bg7 25. Nb3 Rxd1+ 26. Rxd1 Rc8 27. Nf3
Ne4 28. Nfd2 Nc3 29. Re1 Qe5 30. Nd4 Ne4 31. N2b3 b5 32. c5 Nxc5 33. Rc1 Bf8 34.
Na5 Qd5 35. Rd1 Rd8 36. Nac6 Rd7 37. Rc1 Ne4 38. Nb8 Rd8 39. Nxa6 Ng5 40. h4
Nf3+ 41. Nxf3 Qxf3 42. Nc7 Rc8 43. Qc6 Qxc6 44. Rxc6 b4 45. Kf1 Kh8 46. Ke2 Be7
47. Rc4 Bd8 48. Nxe6 Rxc4 49. Nxd8 Rc7 50. Kf3 Kg8 51. Kf4 Kf8 52. Kxf5 Ke8 53.
Ne6 fxe6+ 54. Kxe6 Rc2 55. f4 Rxa2 56. e4 b3 57. f5 b2 58. f6 b1=Q 59. Kf5 Kf7
60. g4 Ra5+ 61. Kf4 Kxf6 62. e5+ Rxe5 63. g5+ Rxg5 0-1

[Event "Titled Tue 27th May Late"]
[Site "chess.com INT"]
[Date "2025.05.27"]
[Round "7"]
[White "Ferrara, Enzo"]
[Black "Yang, Daniel"]
[Result "0-1"]
[BlackTitle "CM"]
[WhiteElo "2138"]
[BlackElo "2213"]
[WhiteFideId "137731"]
[BlackFideId "30976340"]
[EventDate "2025.05.27"]

1. d4 Nf6 2. c4 g6 3. Nc3 Bg7 4. e4 d6 5. f4 O-O 6. Nf3 c5 7. d5 e6 8. Be2 Re8
9. e5 dxe5 10. fxe5 Ng4 11. d6 Nxe5 12. O-O Nxf3+ 13. Bxf3 Bd4+ 14. Kh1 Qxd6 15.
Nb5 Qd8 16. Bf4 Na6 17. Qe2 e5 18. Bh6 e4 19. Rae1 Bf5 20. Bg4 Bxg4 21. Qxg4 Nc7
22. Nxd4 Qxd4 23. Qf4 Re7 24. b3 Ne6 25. Qh4 Rae8 26. Be3 Qd3 27. Qf6 Nf8 28.
Bxc5 Rd7 29. Ba3 Qd4 30. Qf4 e3 31. Qh6 e2 32. Rg1 Qg7 33. Qh3 Rd2 34. Qf3 Qe5
35. Bb4 Rxa2 36. Bc3 Qe6 37. Rxe2 Rxe2 38. Qxb7 Qd7 39. Qf3 Rc2 40. Ba1 Qe7 41.
Bf6 Qe6 42. Qf4 Re2 43. Qg5 Re3 44. Bd4 Re1 45. h4 Rxg1+ 46. Bxg1 Qe1 47. Kh2
Ne6 48. Qg3 Qxg3+ 49. Kxg3 Nd8 50. Bxa7 Nc6 51. Bc5 Rb8 52. Kf4 Rxb3 53. Ke4 Rg3
54. Kd5 Nd8 55. Be7 Rxg2 56. c5 Rd2+ 57. Ke5 Nc6+ 0-1

[Event "Titled Tue 27th May Late"]
[Site "chess.com INT"]
[Date "2025.05.27"]
[Round "7"]
[White "Gomez Gonzales, Fabiana"]
[Black "Andrade, Ivan"]
[Result "0-1"]
[WhiteTitle "WCM"]
[BlackTitle "FM"]
[WhiteElo "1843"]
[BlackElo "2161"]
[WhiteFideId "3860191"]
[BlackFideId "14800039"]
[EventDate "2025.05.27"]

1. e4 c5 2. Nf3 d6 3. d4 cxd4 4. Nxd4 Nf6 5. f3 a6 6. c4 g6 7. Nc3 Bg7 8. Be3
O-O 9. Be2 Nc6 10. O-O Nd7 11. Qd2 Re8 12. Nc2 Nde5 13. Rad1 Be6 14. Nd5 Bxd5
15. cxd5 Na7 16. f4 Nd7 17. Bd4 Bxd4+ 18. Nxd4 Qb6 19. Kh1 Nb5 20. a4 Nxd4 21.
Qxd4 Qxd4 22. Rxd4 Rec8 23. Rd2 Nc5 24. Rd4 a5 25. Bb5 Nb3 26. Rd3 Nc1 27. Rc3
Na2 28. Rc4 Rxc4 29. Bxc4 Nb4 30. Kg1 Rc8 31. b3 Nc2 32. Rc1 Na3 33. Kf2 Kf8 34.
Ke3 Nxc4+ 35. Rxc4 Rxc4 36. bxc4 e6 37. Kd4 b6 38. c5 bxc5+ 39. Kc4 exd5+ 40.
exd5 Ke7 41. Kb5 Kd7 42. Kxa5 Kc7 43. Kb5 Kb7 44. a5 Ka7 45. a6 Ka8 46. Kc6 c4
47. Kxd6 c3 48. Ke7 c2 49. d6 c1=Q 50. d7 Qc5+ 51. Ke8 Qc6 52. Ke7 Qe6+ 53. Kd8
Ka7 54. Kc7 Qb6+ 55. Kc8 Qxa6+ 56. Kd8 Qe6 57. Kc7 Qe7 58. Kc8 Qc5+ 59. Kd8 Kb7
60. Ke8 Qc6 61. Ke7 Qe6+ 62. Kd8 Kc6 0-1

[Event "Titled Tue 27th May Late"]
[Site "chess.com INT"]
[Date "2025.05.27"]
[Round "7"]
[White "Martinez Alcantara, Jose Eduardo"]
[Black "Movahed, Sina"]
[Result "0-1"]
[WhiteTitle "GM"]
[BlackTitle "GM"]
[WhiteElo "2611"]
[BlackElo "2518"]
[WhiteFideId "3805662"]
[BlackFideId "42520835"]
[EventDate "2025.05.27"]

1. c4 Nf6 2. g3 g6 3. Bg2 Bg7 4. Nc3 O-O 5. d3 d6 6. e3 e5 7. Nge2 Nc6 8. O-O a5
9. h3 Re8 10. Kh2 Nd7 11. Rb1 Nc5 12. d4 exd4 13. exd4 Nd7 14. g4 Nb6 15. b3 a4
16. Be3 axb3 17. axb3 f5 18. g5 f4 19. Bxf4 Bf5 20. Rb2 Qd7 21. Rd2 Rf8 22. c5
Nc8 23. b4 N8e7 24. Bg3 Kh8 25. b5 Na5 26. Ra2 Be6 27. Ra3 Nf5 28. Re1 Bg8 29.
c6 bxc6 30. bxc6 Nxc6 31. Ra4 Rae8 32. Rf1 Nce7 33. Ra7 Qd8 34. Ra8 Qd7 35. Ra7
Nxg3 36. fxg3 Nf5 37. Qd2 Ne3 38. Rxf8 Bxf8 39. Ne4 Rxe4 40. Qc3 Re7 41. Nf4
Nxg2 42. Kxg2 Bg7 43. Ra8 Re8 44. Rxe8 Qxe8 45. Qxc7 Qe4+ 46. Kh2 Qxd4 47. h4
Qe5 48. Qd8 d5 49. h5 gxh5 50. g6 h6 51. Qh4 Qg5 52. Qh3 h4 53. Qxh4 Qxh4+ 54.
gxh4 Be5 55. Kg3 Kg7 56. h5 Kf6 57. Kg4 Bxf4 58. Kxf4 Be6 59. Kf3 Kg5 60. g7
Kxh5 61. Kf4 Kg6 62. g8=Q+ Bxg8 63. Kg4 Kf6 64. Kf3 Ke5 65. Kg3 d4 66. Kg2 d3
67. Kg1 d2 68. Kh2 d1=Q 69. Kg3 Kf5 70. Kh2 Qf3 0-1

[Event "Titled Tue 27th May Late"]
[Site "chess.com INT"]
[Date "2025.05.27"]
[Round "7"]
[White "Perry, Patrick"]
[Black "Kang, Dorian"]
[Result "0-1"]
[BlackTitle "CM"]
[WhiteElo "2296"]
[BlackElo "2047"]
[WhiteFideId "30917727"]
[BlackFideId "2619156"]
[EventDate "2025.05.27"]

1. e4 c5 2. d4 cxd4 3. Nf3 d6 4. Nxd4 Nf6 5. Nc3 a6 6. Bg5 Nbd7 7. Bc4 e6 8. Bb3
Qc7 9. h4 Nc5 10. Qe2 Be7 11. O-O-O b5 12. f3 Bd7 13. g4 b4 14. Nb1 a5 15. Nd2
a4 16. Bc4 b3 17. a3 bxc2 18. Kxc2 d5 19. exd5 O-O 20. Kb1 h6 21. Be3 exd5 22.
Ba2 Rab8 23. Ka1 Bd6 24. Nb1 Rfe8 25. Qd2 Qb7 26. Rhe1 Bg3 27. Re2 Bxh4 28. g5
Bxg5 29. Bxg5 Rxe2 30. Qxe2 hxg5 31. Nc3 g4 32. Rh1 gxf3 33. Nxf3 d4 34. Qh2 Kf8
35. Nd1 Qxf3 36. Qxb8+ Ne8 37. Qh2 Ke7 38. Re1+ Be6 39. Nf2 Nb3+ 40. Bxb3 axb3
41. Ne4 d3 42. Qd2 f6 43. Qb4+ Kf7 44. Nd6+ Nxd6 45. Qxd6 Qe3 46. Rxe3 d2 47.
Rd3 d1=Q+ 48. Rxd1 g5 49. Re1 Bf5 50. Qe6+ Bxe6 51. a4 Bd5 52. a5 g4 53. a6 g3
54. a7 g2 55. Rg1 f5 56. Kb1 f4 57. Kc1 f3 58. Kd1 f2 59. Rxg2 f1=Q+ 60. Kd2
Qxg2+ 61. Kc3 Ba8 62. Kxb3 Qb7+ 63. Kc3 Qxa7 64. b4 Qe3+ 65. Kc4 Ke6 66. b5 Bd5+
67. Kb4 Qb6 68. Ka4 Kd6 69. Kb4 Bc6 70. Kc4 Qxb5+ 71. Kd4 Qb4+ 72. Ke3 Ke5 73.
Kd3 Qb3+ 74. Kd2 Ke4 75. Kc1 Qa2 76. Kd1 Kd3 77. Ke1 Qe2# 0-1

[Event "Titled Tue 27th May Late"]
[Site "chess.com INT"]
[Date "2025.05.27"]
[Round "7"]
[White "Medina Paz, Miguel"]
[Black "Garzon Zapatanga, Christopher Leonel"]
[Result "1-0"]
[WhiteTitle "IM"]
[BlackTitle "FM"]
[WhiteElo "2368"]
[BlackElo "2168"]
[WhiteFideId "7300379"]
[BlackFideId "3634787"]
[EventDate "2025.05.27"]

1. d4 Nf6 2. c4 c5 3. d5 b5 4. cxb5 a6 5. b6 d6 6. Nc3 g6 7. e4 Bg7 8. Nf3 O-O
9. Nd2 Qxb6 10. Be2 Nbd7 11. O-O Rb8 12. a4 Qc7 13. a5 Re8 14. Nc4 Bb7 15. Bf4
Ba8 16. Bf3 Rb4 17. Qd3 Ne5 18. Bxe5 dxe5 19. Na4 Rd8 20. Nab6 Bb7 21. Ra4 Rb5
22. Rc1 Ne8 23. Qc3 Nd6 24. Na3 e6 25. Nxb5 axb5 26. Raa1 c4 27. dxe6 fxe6 28.
b3 Bxe4 29. bxc4 Bxf3 30. Qxf3 e4 31. Qg4 Bxa1 32. Qxe6+ Qf7 33. Qxf7+ Kxf7 34.
Rxa1 Nxc4 35. Nxc4 bxc4 36. a6 c3 37. Kf1 Ke6 38. a7 Ra8 39. Ke2 Kd5 40. Kd1 e3
41. fxe3 Ke4 42. Ke2 c2 43. Kd2 g5 44. Ra4+ Ke5 45. Kxc2 h5 46. Kd2 Kd5 47. Kd3
Ke5 48. Ra5+ Kf6 49. e4 Kg6 50. Ke3 h4 51. Kf3 Kh5 52. h3 Kg6 53. Kg4 Kf6 54.
e5+ Kg6 55. Ra6+ Kf7 56. Kxg5 Ke7 57. Kxh4 Rh8+ 58. Kg4 Rg8+ 59. Kf4 Rf8+ 60.
Ke4 Ra8 61. h4 Kf7 62. h5 Kg7 63. h6+ Kh7 64. Kd5 Kh8 65. Kc6 Kh7 66. Kb7 Re8
67. a8=Q Re7+ 68. Kb6 Re6+ 69. Kb5 Rxe5+ 70. Kc4 Re7 71. Ra7 Rxa7 72. Qxa7+ Kxh6
73. Qe3+ Kh5 74. Qf3+ Kh6 75. Qg3 Kh7 76. Kd5 Kh8 77. Ke6 Kh7 78. Kf6 Kh8 79.
Qg7# 1-0